| 000 | 00387nam a2200169Ia 4500 | ||
|---|---|---|---|
| 100 | _aTurbak/Franklyn | ||
| 650 | _aprogramming languages | ||
| 942 | _cBK | ||
| 366 | _f25 | ||
| 654 | _aprogramming languages | ||
| 245 | _aDesign concepts in programming languages | ||
| 260 |
_bPrentice Hall of India _c2008 |
||
| 082 | _bTUR | ||
| 300 | _a1322 | ||
| 546 | _aENGLISH | ||
| 999 |
_c30644 _d30644 |
||